000 00821nam a2200241Ia 4500
003 OSt
005 20221005112219.0
006 a|||||r|||| 00| 0
007 ta
008 221004b |||||||| |||| 00| 0 pan d
020 _a9788171435487 (hbk)
024 _a16237
037 _bGift, 11/02/2015,
_cTextual
040 _aCRL
_cCRL
_bpan
041 _2pan
_apan
082 _aM77, 153Q1
100 _aਸਿੰਘ, ਗੁਰਿੰਦਰਬੀਰ
245 0 _aਜੁੱਤੀ
_b ਸੰਕਲਪ ਤੇ ਸਭਿਆਚਾਰ
260 _aਅੰਮ੍ਰਿਤਸਰ
_bਰਵੀ ਸਾਹਿਤ ਪ੍ਰਕਾFਨ ਭਾਰਤ
_c2011
300 _a151ਪੰ
_ccm.
942 _hM77, 153Q1
_cTEXL
_2cc
999 _c1024213
_d1024213